| 000 | 00917nam a22003257a 4500 | ||
|---|---|---|---|
| 001 | 16551661 | ||
| 003 | OSt | ||
| 005 | 20140310183114.0 | ||
| 008 | 101123s2010 ph 000 1 tgl | ||
| 010 | _a 2010338969 | ||
| 020 | _a9789715849296 | ||
| 050 | 0 | 0 |
_aPL6058.8 _b.Ab165 2010 |
| 082 |
_2FIL 899.21 _bAb9 2010 |
||
| 245 | 0 | 4 |
_aMga Agos sa Disyerto _bMaiikling Kathang Filipino _cAbueg, Efren R. |
| 246 | 1 |
_iSubtitle on cover: _aMaiikling kathang Pilipino |
|
| 260 |
_aQuezon City _bC & E Publishing _c2010. |
||
| 300 |
_axx, 326 p. _c22 cm. |
||
| 500 | _aShort stories. | ||
| 521 | _aCollege Student | ||
| 526 | _c1210L-1700L | ||
| 541 | _j1 | ||
| 541 | _j2 | ||
| 541 | _j3 | ||
| 546 | _aIn Tagalog. | ||
| 562 | _e3 | ||
| 700 | 1 | _aAbueg, Efren R. | |
| 906 |
_a7 _bcbc _corigode _d4 _encip _f20 _gy-gencatlg |
||
| 942 |
_2lcc _cBK _kFIL |
||
| 999 |
_c18880 _d18880 |
||